000 00323nam a22001217a 4500
003 OSt
008 150301b xxu||||| |||| 00| 0 eng d
100 1 _aJohl, Max G.
041 _aeng
245 1 0 _aUnited States Postage Stamps of the Twentieth Century, The
246 1 0 _aVolume Four 1934 - 1937 Commemoratives
300 _a0 pages
999 _c973
_d973